[Event "Challenge"]
[Site "http://www.queenalice.com/game.php?id=745893"]
[Date "2010.3.14"]
[Round "-"]
[White "stephancharette"]
[Black "jamesxirb"]
[Result "1-0"]
[WhiteElo "1490"]
[BlackElo "1200"]

1. Nf3 c5 2. d4 e6 3. c3 d5 4. Be3 b6 5. Qa4+ Bd7 6. Qc2 Nf6 7. Nbd2 c4 8. b4
Bd6 9. g3 O-O 10. O-O-O Bb5 11. Qb1 Ba4 12. Re1 Ne4 13. Nxe4 dxe4 14. Nd2 f5 15.
Nxc4 Be7 16. Nd2 Nd7 17. Bf4 g5 18. Be3 Rc8 19. Qb2 Rc6 20. Qa3 b5 21. Kb2 h6
22. Rc1 Nb6 23. Ka1 h5 24. Qb2 Qd5 25. f4 g4 26. a3 Rfc8 27. Nb3 Bxb3 28. Bd2
Ba4 29. e3 Nc4 30. Qa2 h4 31. Bxc4 bxc4 32. Qb2 h3 33. Rhf1 Rb6 34. Rb1 Ra8 35.
Rfc1 a5 36. Qa2 Rab8 37. bxa5 Qxa5 38. Rxb6 Qxb6 39. Rb1 Qa7 40. Rxb8+ Qxb8 41.
Qxc4 Qd6 42. Qxa4 Bh4 43. Be1 Bf6 44. Qe8+ Kg7 45. Qa4 Qe7 46. Qb3 Bh4 47. gxh4
Kf6 48. Bg3 Kg6 49. c4 Qf7 50. c5 Kh5 51. Kb2 Qd7 52. Kc3 Qa7 53. a4 Qa5+ 54.
Qb4 Qa6 55. Qc4 Kg6 56. Qxa6 Kf6 57. c6 1-0

[Event "Challenge"]
[Site "http://www.queenalice.com/game.php?id=746465"]
[Date "2010.3.15"]
[Round "-"]
[White "stephancharette"]
[Black "MHRangel"]
[Result "0-1"]
[WhiteElo "1450"]
[BlackElo "1817"]

1. e3 Nf6 2. Nc3 d5 3. Bb5+ Bd7 4. Bxd7+ Nbxd7 5. Nf3 g6 6. O-O Bg7 7. d4 O-O 8.
g3 c6 9. b4 Ne4 10. Nxe4 dxe4 11. Nd2 f5 12. c3 e5 13. Qb3+ Kh8 14. Bb2 exd4 15.
cxd4 b6 16. a3 c5 17. Bc3 Qc8 18. Qc4 cxb4 19. axb4 Nf6 20. Qxc8 Raxc8 21. Rfc1
Nd5 22. Ra3 a5 23. bxa5 bxa5 24. Bb2 Ra8 25. Rc5 a4 26. Rxd5 Rfb8 27. Bc3 Bf8
28. Ra2 a3 29. Ra5 Rxa5 30. Bxa5 Ra8 31. Bc3 Rc8 32. d5+ Kg8 33. Bd4 Bd6 34. Kg2
h5 35. f4 Kh7 36. h4 Bb4 37. Nb3 Rd8 38. Rc2 Rxd5 39. Rc7+ Kg8 40. Rg7+ Kf8 41.
Rxg6 Kf7 42. Rf6+ Ke7 43. Rb6 Bd6 44. Ra6 Rb5 45. Ra7+ Kf8 46. Nd2 Be7 47. Rxa3
Bxa3 0-1

[Event "Challenge"]
[Site "http://www.queenalice.com/game.php?id=753269"]
[Date "2010.3.29"]
[Round "-"]
[White "stephancharette"]
[Black "jamesxirb"]
[Result "1-0"]
[WhiteElo "1494"]
[BlackElo "1190"]

1. d4 d5 2. e3 f5 3. Nc3 Nf6 4. Qf3 e6 5. Bb5+ c6 6. Bd3 Bb4 7. a3 Ba5 8. b4 Bb6
9. Nge2 a6 10. O-O g5 11. Qh5+ Nxh5 12. g3 g4 13. f4 Nf6 14. h4 Nbd7 15. Na4 Bc7
16. c3 b5 17. Nb2 Nb6 18. a4 a5 19. axb5 a4 20. bxc6 a3 21. Nd1 a2 22. Nb2 Nc4
23. Bxc4 dxc4 24. Nxc4 Ra6 25. b5 Ra4 26. Nb2 Ra5 27. Bd2 Rxb5 28. Rxa2 Rb6 29.
Rb1 Rxc6 30. Nd1 Ba6 31. Kf2 Bc4 32. Ra4 Ne4+ 33. Ke1 Bd3 34. Rb3 Qd5 35. Ra8+
1-0

[Event "Challenge"]
[Site "http://www.queenalice.com/game.php?id=756646"]
[Date "2010.4.5"]
[Round "-"]
[White "stephancharette"]
[Black "jamesxirb"]
[Result "0-1"]
[WhiteElo "1461"]
[BlackElo "1206"]

1. e3 e5 2. Nf3 f6 3. g3 d5 4. d4 Nd7 5. dxe5 Ne7 6. Nc3 fxe5 7. Nxd5 Nxd5 8.
Qxd5 c6 9. Qe6+ Be7 10. Nxe5 Qa5+ 11. Bd2 Qxe5 12. Qxe5 Nxe5 13. f4 Nf3+ 14. Kd1
Bg4 15. Be2 Rd8 16. Bxf3 Bxf3+ 17. Ke1 Bxh1 18. Ke2 Be4 19. c3 O-O 20. b4 Bd3+
21. Kd1 Bf6 22. Rc1 b5 23. a3 Be4 24. h4 Bf3+ 25. Ke1 g6 26. Rc2 Rfe8 27. Kf2 g5
28. hxg5 Be7 29. Kxf3 Kg7 30. Ke2 Kg6 31. c4 Rb8 32. cxb5 Rxb5 33. Rxc6+ Kf5 34.
Rc4 h5 35. Kf3 Rd8 36. e4+ Ke6 37. Ke3 Rb7 38. f5+ Kf7 39. g6+ Kf6 40. Bc3+ Kg5
41. Kf3 Rd3+ 42. Ke2 Rxg3 43. Bd2+ Kg4 44. Be1 Rg2+ 45. Kd3 Rd7+ 46. Rd4 Rc7 47.
e5+ Kxf5 48. Rc4 Rxc4 49. Kxc4 Rxg6 50. Bc3 h4 51. Kd5 h3 52. Bd4 h2 0-1

[Event "Challenge"]
[Site "http://www.queenalice.com/game.php?id=759483"]
[Date "2010.4.11"]
[Round "-"]
[White "Racey"]
[Black "stephancharette"]
[Result "1-0"]
[WhiteElo "1333"]
[BlackElo "1448"]

1. d4 d5 2. h4 Nc6 3. h5 Nxd4 4. Qxd4 Nf6 5. Nc3 g6 6. h6 e6 7. Bg5 Be7 8. Nb5
c6 9. Nc3 O-O 10. g4 Nxg4 11. f4 Bf6 12. Qb4 Bxg5 13. fxg5 Ne3 14. Rc1 a6 15.
Na4 Nxc2+ 16. Rxc2 Qxg5 17. Nf3 Qg3+ 18. Kd1 Re8 19. Qc3 e5 20. Rg1 Qf4 21. Nb6
Rb8 22. b4 Bf5 23. Rd2 f6 24. a4 Qxh6 25. a5 Qg7 26. Nh4 Rbd8 27. Qe3 Qf7 28.
Nxf5 Kf8 29. Nh6 Qg7 30. Qh3 Re7 31. e4 d4 32. Na4 b5 33. Rc2 Rd6 34. Nb6 Rb7
35. Qc8+ 1-0

[Event "Challenge"]
[Site "http://www.queenalice.com/game.php?id=760491"]
[Date "2010.4.13"]
[Round "-"]
[White "stephancharette"]
[Black "jamesxirb"]
[Result "1-0"]
[WhiteElo "1435"]
[BlackElo "1246"]

1. Nf3 d5 2. e3 f6 3. g3 e5 4. d4 Nc6 5. dxe5 fxe5 6. Bb5 Qd6 7. Bxc6+ bxc6 8.
Nc3 e4 9. Nd2 c5 10. Nb3 c6 11. Qh5+ g6 12. Qd1 d4 13. Nxe4 Qd7 14. exd4 Qe6 15.
Qe2 c4 16. Nbc5 Bxc5 17. dxc5 h5 18. Nd6+ Ke7 19. Qxe6+ Bxe6 20. Bg5+ Nf6 21.
Bxf6+ Kxf6 22. c3 Kg7 23. Ne4 Bd5 24. f3 Rhf8 25. O-O Rf5 26. Rae1 g5 27. g4
hxg4 28. fxg4 Rf4 29. Rxf4 gxf4 30. Kf2 Rf8 31. Kf3 Rb8 32. b4 Rh8 33. Rh1 Rh3+
34. Kxf4 a6 35. a4 Rh8 36. h3 Re8 37. Re1 Rf8+ 38. Ke5 Re8+ 39. Kd4 Be6 40. a5
Kf7 41. Nd6+ Kf8 42. Nxe8 Kxe8 43. Rxe6+ Kf7 44. Rxc6 Ke7 45. Kxc4 1-0

[Event "Challenge"]
[Site "http://www.queenalice.com/game.php?id=763600"]
[Date "2010.4.20"]
[Round "-"]
[White "stephancharette"]
[Black "jamesxirb"]
[Result "1-0"]
[WhiteElo "1443"]
[BlackElo "1226"]

1. e4 d6 2. Nc3 e5 3. f3 c6 4. Nge2 Nf6 5. Ng3 d5 6. d3 d4 7. Na4 b5 8. Nc3 dxc3
9. bxc3 Bc5 10. Qd2 Qb6 11. c4 Bd4 12. c3 Qa5 13. cxd4 Qxd2+ 14. Bxd2 a5 15.
cxb5 a4 16. bxc6 Nxc6 17. dxe5 Nd4 18. Kd1 Nd7 19. Bc3 Nc6 20. a3 O-O 21. Rc1
Na5 22. Bxa5 Rxa5 23. Rc4 Ba6 24. Rc3 Rb5 25. d4 Rb1+ 26. Rc1 Rfb8 27. Bxa6 R1b3
28. Re1 Rxa3 29. Rc8+ Rxc8 30. Bxc8 Rd3+ 31. Ke2 Rxd4 32. Bxd7 Rxd7 33. f4 a3
34. h4 a2 35. Nf1 g6 36. g4 Rb7 37. Nd2 Kg7 38. g5 Rb1 39. Rxb1 axb1=Q 40. Nxb1
h6 41. gxh6+ Kxh6 42. Kf3 Kg7 43. f5 Kh6 44. Kg4 Kg7 45. fxg6 Kxg6 46. h5+ Kh6
47. Nc3 Kh7 48. Kg5 Kg8 49. Kf6 Kf8 50. Nd5 Kg8 51. Ne7+ Kf8 52. h6 Ke8 53. h7
Kd7 54. h8=Q Kc7 55. Kxf7 Kb6 56. Nd5+ Kc5 57. e6 Kd6 58. e7 Kc5 59. e8=Q Kc4
60. Qc6+ Kb3 61. Qhc3+ Ka2 62. Nb4+ Kb1 63. Qc1# 1-0

[Event "Kraj´s Challenge"]
[Site "http://www.queenalice.com/game.php?id=767415"]
[Date "2010.4.28"]
[Round "-"]
[White "Krajnicov"]
[Black "stephancharette"]
[Result "1-0"]
[WhiteElo "1314"]
[BlackElo "1406"]

1. e4 e5 2. Qf3 f6 3. Bc4 Qe7 4. g4 g5 5. Nc3 Nc6 6. Nd5 Qd6 7. h4 h6 8. h5 Nge7
9. Nxf6+ Kd8 10. d3 Bg7 11. Nd5 Nxd5 12. Bxd5 Qb4+ 13. c3 Qb6 14. Qf7 Bf8 15.
Be3 1-0

[Event "Kraj´s Challenge"]
[Site "http://www.queenalice.com/game.php?id=767417"]
[Date "2010.4.28"]
[Round "-"]
[White "stephancharette"]
[Black "Krajnicov"]
[Result "0-1"]
[WhiteElo "1427"]
[BlackElo "1293"]

1. Nf3 e6 2. d4 Qf6 3. e3 c5 4. Be2 Nh6 5. g3 b6 6. c3 Bb7 7. O-O Qf5 8. a3 g5
9. Nbd2 g4 10. Nh4 Qg5 11. b4 Be7 12. Bxg4 Nxg4 13. Nhf3 Bxf3 14. Qxf3 d5 0-1

[Event "Challenge"]
[Site "http://www.queenalice.com/game.php?id=767602"]
[Date "2010.4.28"]
[Round "-"]
[White "stephancharette"]
[Black "jamesxirb"]
[Result "1-0"]
[WhiteElo "1386"]
[BlackElo "1309"]

1. Nc3 e5 2. e4 d6 3. d3 c5 4. f3 Nc6 5. b3 Qa5 6. Bd2 Be7 7. Nd5 Bh4+ 8. g3 Bf6
9. Bxa5 Nxa5 10. Nxf6+ gxf6 11. Qd2 b6 12. O-O-O Be6 13. g4 d5 14. Qe2 d4 15. c4
Ne7 16. Qd2 a6 17. Qh6 Ng6 18. Qg7 Ke7 19. Ne2 h6 20. Ng3 Rag8 21. Qxh8 Rxh8 22.
h3 Nf4 23. Rd2 b5 24. Kc2 b4 25. Rhh2 Nc6 26. a4 h5 27. Nxh5 Nxh5 28. gxh5 Rxh5
29. h4 f5 30. Bh3 f4 31. Bxe6 Kxe6 32. Rdg2 f6 33. Rg6 Ne7 34. Rg4 f5 35. Rg5
Rh6 36. h5 a5 37. Rgg2 fxe4 38. fxe4 Rh8 39. Rg5 Ng8 40. Kd2 Kf6 41. Rf5+ Ke6
42. Ke2 Nh6 43. Rg5 Kf7 44. Rxe5 Ng4 45. Rf5+ Ke6 46. Rh4 Rg8 47. Rxf4 Nh6 48.
Kf3 Rg1 49. Rh3 Rb1 50. Rg3 Rxb3 51. Rg6+ Kd7 52. Rxh6 Rxd3+ 53. Kg4 b3 54. Rf7+
Ke8 55. Rb7 Rc3 56. Rh8# 1-0

[Event "Challenge"]
[Site "http://www.queenalice.com/game.php?id=793101"]
[Date "2010.6.21"]
[Round "-"]
[White "stephancharette"]
[Black "Natedawg"]
[Result "1-0"]
[WhiteElo "1417"]
[BlackElo "1206"]

1. e3 e5 2. Nf3 Nc6 3. Bc4 Nh6 4. O-O d5 5. Bb5 Bd7 6. Bxc6 Bxc6 7. Nxe5 Bb5 8.
d3 Qe7 9. Ng4 Qe6 10. Nxh6 gxh6 11. Re1 Kd7 12. g3 1-0

[Event "Challenge"]
[Site "http://www.queenalice.com/game.php?id=793102"]
[Date "2010.6.21"]
[Round "-"]
[White "Natedawg"]
[Black "stephancharette"]
[Result "0-1"]
[WhiteElo "1198"]
[BlackElo "1425"]

1. d4 Nf6 2. Nf3 Nc6 3. Nc3 d5 4. Bd2 e6 5. Ne5 Nxe5 6. e3 Nc4 7. Bxc4 dxc4 8.
Qe2 Nd5 9. Nxd5 exd5 10. O-O f6 11. e4 Qe7 12. Rae1 dxe4 13. f3 f5 0-1

[Event "Challenge"]
[Site "http://www.queenalice.com/game.php?id=798624"]
[Date "2010.7.4"]
[Round "-"]
[White "stephancharette"]
[Black "jamesxirb"]
[Result "1-0"]
[WhiteElo "1403"]
[BlackElo "1306"]

1. e3 g6 2. c3 Bg7 3. Bc4 d5 4. Bb3 e5 5. d4 e4 6. Ne2 Nf6 7. Nf4 Nc6 8. g3 Bg4
9. Qd2 Bf3 10. O-O O-O 11. Bd1 Bh5 12. Bxh5 gxh5 13. Na3 Bh6 14. Qe2 Qd6 15.
Nxh5 Na5 16. Nxf6+ Qxf6 17. f4 Rfb8 18. b4 Nc6 19. Qg4+ Kf8 20. Nb5 Rc8 21. Qh4
Qg7 22. h3 a6 23. Na3 a5 24. Rb1 axb4 25. cxb4 Ne7 26. Qg4 Ng6 27. Rb3 Qf6 28.
Nb5 Qa6 29. Na3 Qc4 30. Nxc4 dxc4 31. Rb2 c3 32. Rc2 Ra4 33. Qxc8+ Kg7 34. Qxb7
Kf6 35. Qc6+ Kg7 36. Qxa4 Ne7 37. Rxc3 Kg6 38. Rxc7 Nf5 39. Qc6+ f6 40. Qe8# 1-0

[Event "Challenge"]
[Site "http://www.queenalice.com/game.php?id=803708"]
[Date "2010.7.15"]
[Round "-"]
[White "jamesxirb"]
[Black "stephancharette"]
[Result "0-1"]
[WhiteElo "1367"]
[BlackElo "1432"]

1. e4 e6 2. Nc3 Nc6 3. d3 Nf6 4. Nf3 d5 5. d4 dxe4 6. Ne5 Nxe5 7. dxe5 Qxd1+ 8.
Nxd1 Ng4 9. f4 f5 10. Nc3 Bb4 11. a3 Bxc3+ 12. bxc3 O-O 13. c4 c5 14. Be2 h5 15.
h3 Nh6 16. Bxh5 a5 17. g4 Nf7 18. Bg6 b6 19. gxf5 exf5 20. Rb1 Rb8 21. h4 Nh6
22. Ke2 Be6 23. Bb2 Bxc4+ 24. Ke3 Ng4+ 25. Kd2 Rbd8+ 26. Kc3 Be6 27. h5 b5 28.
Bc1 Rb8 29. a4 b4+ 30. Kd2 Rfd8+ 31. Ke2 Rb7 32. Be3 Rbd7 33. Bxc5 Rd2+ 34. Ke1
Rxc2 35. h6 Nxh6 36. Kf1 Rxc5 37. Rh2 Bc4+ 38. Kg2 Rd2+ 39. Kg1 Rxh2 40. Kxh2
Bf7 41. Rg1 Ng4+ 42. Kh3 Bxg6 43. Rxg4 fxg4+ 44. Kxg4 Kf7 45. Kg5 Bh7 46. f5
Rxe5 47. Kf4 Kf6 48. Kg4 Bxf5+ 49. Kf4 g5+ 50. Kg3 g4 51. Kf4 e3 52. Kg3 e2 53.
Kh4 e1=Q+ 54. Kh5 Qh1# 0-1

[Event "Challenge"]
[Site "http://www.queenalice.com/game.php?id=803709"]
[Date "2010.7.15"]
[Round "-"]
[White "stephancharette"]
[Black "jamesxirb"]
[Result "1/2-1/2"]
[WhiteElo "1445"]
[BlackElo "1354"]

1. Nf3 d5 2. d4 Nf6 3. Bg5 h6 4. Bxf6 gxf6 5. e3 Nd7 6. Nc3 c5 7. Nxd5 e5 8.
dxe5 fxe5 9. Bb5 Bg7 10. Bxd7+ Bxd7 11. b3 f5 12. Rb1 Bc6 13. c4 Qa5+ 14. Qd2
Qa3 15. O-O O-O-O 16. Ne7+ Kc7 17. Qc2 Rhf8 18. Nxc6 bxc6 19. Qb2 Qb4 20. a3 Qb6
21. Nxe5 Kb7 22. f4 Rd6 23. Rfd1 Rdd8 24. Rd7+ Ka6 25. Rxg7 h5 26. Rf7 h4 27. h3
Rg8 28. Rd7 Rdf8 29. Rf7 Rxf7 30. Nxf7 Rg3 31. Re1 Qc7 32. Ne5 Qd6 33. Qc1 Qd8
34. Qc3 Qg8 35. Re2 Rxh3 36. Nf3 Qg3 37. Qe1 Qxe1+ 38. Nxe1 Rg3 39. Kh2 Ka5 40.
Rf2 a6 41. Rf3 h3 42. Rxg3 hxg2 43. Nxg2 Kb6 44. Nh4 Ka5 45. Nxf5 Kb6 46. Rg6 a5
47. Ne7 a4 48. bxa4 Ka7 49. Nxc6+ Ka6 50. Nb8+ Kb7 51. Rg8 Ka8 52. Nd7+ Kb7 53.
Nxc5+ Kb6 54. Rc8 Ka7 55. a5 1/2-1/2

[Event "Bring the Noise"]
[Site "http://www.queenalice.com/game.php?id=825572"]
[Date "2010.8.30"]
[Round "-"]
[White "stephancharette"]
[Black "ClappinTheCaptain"]
[Result "0-1"]
[WhiteElo "1450"]
[BlackElo "1851"]

1. d4 c5 2. e3 cxd4 3. Qxd4 Qc7 4. c3 Nc6 5. Qc4 Nf6 6. Nd2 d5 7. Qb3 e5 8. Nh3
d4 9. Ng5 dxe3 10. fxe3 Nd8 11. Qa4+ Bd7 12. Qc4 Qxc4 13. Nxc4 Be7 14. Nxe5 O-O
15. Bd3 Nc6 16. Nxd7 Nxd7 17. Nxh7 Nc5 18. Bc2 Bh4+ 19. g3 Be7 20. b4 Ne6 21.
O-O Rfc8 22. h4 Ne5 23. Ng5 Nxg5 24. hxg5 Bxg5 25. Bd2 Bxe3+ 26. Bxe3 Rxc3 27.
Bb3 Rxe3 28. Rae1 Rxg3+ 29. Kh2 Rg5 30. Rxe5 Rxe5 31. Bxf7+ Kh7 32. Rf3 g6 0-1

[Event "XEQUE MATE"]
[Site "http://www.queenalice.com/game.php?id=826502"]
[Date "2010.9.1"]
[Round "5"]
[White "lucasalex"]
[Black "stephancharette"]
[Result "0-1"]
[WhiteElo "1914"]
[BlackElo "1441"]

1. e4 e5 2. Nf3 Nc6 3. Bc4 d6 4. d4 Nxd4 5. Nxd4 exd4 6. Qxd4 Be6 7. Nc3 c5 8.
Qd3 Nf6 9. Bf4 Bxc4 10. Qxc4 Qd7 0-1

[Event "Challenge"]
[Site "http://www.queenalice.com/game.php?id=829737"]
[Date "2010.9.8"]
[Round "-"]
[White "stephancharette"]
[Black "jamesxirb"]
[Result "0-1"]
[WhiteElo "1448"]
[BlackElo "1410"]

1. Nf3 d6 2. d4 Bf5 3. Nc3 h6 4. e3 Nc6 5. Bb5 d5 6. Ne5 f6 7. Bxc6+ bxc6 8.
Nxc6 Qd6 9. Qh5+ g6 10. Qe2 h5 11. Qb5 Bc8 12. Nxd5 a6 13. Qc4 a5 14. O-O Ba6
15. Qc5 Bxf1 16. Qxd6 cxd6 17. Kxf1 Rc8 18. Nxa5 Rxc2 19. Nb3 h4 20. h3 Rh5 21.
Nc7+ Rxc7 22. g4 Rb5 23. f4 e5 24. dxe5 fxe5 25. fxe5 Rf7+ 26. Ke2 Rxe5 27. Nd4
Nf6 28. b4 Ne4 29. a4 Rf2+ 30. Kd3 d5 31. Rb1 Rf1 32. Ne2 Rd1+ 33. Kc2 Nf2 34.
Bd2 Rh1 35. Rxh1 Nxh1 36. Kd3 Nf2+ 37. Kd4 Bd6 38. b5 Ke7 39. Nf4 Re4+ 40. Kxd5
g5 41. Ng6+ Kd7 42. Nh8 Rxa4 43. Nf7 Be7 44. Ne5+ Kc7 45. Nc6 Nxh3 46. Nxe7 Rxg4
47. Kc5 Nf2 48. b6+ Kb7 49. Kb5 h3 50. Be1 Ne4 51. Nf5 Nd6+ 52. Nxd6+ Ka8 53.
b7+ Kb8 54. Kb6 h2 55. Nf5 h1=Q 0-1

[Event "Challenge"]
[Site "http://www.queenalice.com/game.php?id=829738"]
[Date "2010.9.8"]
[Round "-"]
[White "jamesxirb"]
[Black "stephancharette"]
[Result "1-0"]
[WhiteElo "1341"]
[BlackElo "1471"]

1. e4 e5 2. Nf3 Nc6 3. Nc3 f6 4. Bc4 Nge7 5. d4 d6 6. d5 Nb4 7. O-O c5 8. a3 Qa5
9. Bd2 Ng6 10. Bb5+ Bd7 11. axb4 Qxb4 12. Ra4 Qxb2 13. Re1 Bxb5 14. Ra2 Qb4 15.
Ra1 Qc4 16. Qb1 a6 17. Ra3 Qb4 18. Bc1 Qxb1 19. Nxb1 Be7 20. Nc3 Bc4 21. Na4 Bd8
22. c3 Bb5 23. c4 Bxa4 24. Rxa4 a5 25. g3 O-O 26. Nh4 Nxh4 27. gxh4 g5 28. hxg5
fxg5 29. Kg2 h6 30. Re3 Kg7 31. Rh3 Rh8 32. Kg3 Rf8 33. Rh5 b6 34. Kg4 Rxf2 35.
Be3 Re2 36. Kf3 Re1 37. Kf2 Rb1 38. Ke2 Rb4 39. Rxb4 Kg6 40. Rh3 Rb8 41. Rf3 Rb7
42. Rb1 Rf7 43. h4 Rxf3 44. Kxf3 Kg7 45. Kg3 gxh4+ 46. Kg4 Kg6 47. Rh1 h5+ 48.
Kh3 Bg5 49. Rg1 Kf6 50. Bxg5+ Kf7 51. Kxh4 a4 52. Rb1 a3 53. Ra1 1-0